| 000 | 00658nam a2200253Ia 4500 | ||
|---|---|---|---|
| 003 | OSt | ||
| 005 | 20221006154758.0 | ||
| 006 | a|||||r|||| 00| 0 | ||
| 007 | ta | ||
| 008 | 221006b |||||||| |||| 00| 0 eng d | ||
| 020 |
_a0132747383 _c _39.95 |
||
| 024 | _a39,268 | ||
| 037 |
_bGift, _cTextual |
||
| 040 |
_aEASL _cEASL _beng |
||
| 041 |
_2eng _aeng |
||
| 082 | _aX.42, L0 | ||
| 100 | _aKahn Herman | ||
| 245 | 0 | _aEmerging Japnese superstate | |
| 260 |
_aPrentice _bPrentice University Press _c1970 |
||
| 300 |
_axiii,274p _ccm. |
||
| 490 | _v JEL | ||
| 942 |
_hX.42, L0 _cTEXL _2CC |
||
| 999 |
_c1107354 _d1107354 |
||